| 000 | 00421ntaaa2200181 4500 | ||
|---|---|---|---|
| 003 | 01 | ||
| 005 | 20251027202808.0 | ||
| 008 | 0714s1973 ag 01 | ||
| 040 |
_aAR-BaBN _bspa _cAR-BaBN _eaacr _dRIC |
||
| 082 | _a868.3000 D488 | ||
| 100 |
_ade Valdez, Juan _928270 |
||
| 245 | _aDos diálogos | ||
| 250 | _a1 ed. | ||
| 260 |
_as.l., _c1850 |
||
| 300 | _axx, 481 p | ||
| 650 |
_aliteratura argentina _928015 |
||
| 942 | _cBK | ||
| 999 |
_c23297 _d23297 |
||